[Event "Pere Noel"]
[Site "Montreal CAN"]
[Date "2009.12.29"]
[Round "4"]
[White "Rousseau, Daniel"]
[Black "Germain, Michel"]
[Result "1-0"]
[WhiteElo "2181"]
[BlackElo "1948"]
[PlyCount "23"]
[GameId "2160767910029927"]
[EventDate "2009.12.26"]
[EventType "swiss"]
[EventRounds "5"]
[EventCountry "CAN"]
[SourceTitle "hb 2010.01"]

1. e4 c5 2. Nf3 d6 3. d4 cxd4 4. Nxd4 Nf6 5. Nc3 Nc6 6. Bg5 e6 7. Qd2 Be7 8. O-O-O Nxd4 9. Qxd4 Qa5 10. Bb5+ Bd7 11. Bxd7+ Nxd7 12. Bxe7 1-0

[Event "Pere Noel"]
[Site "Montreal CAN"]
[Date "2009.12.30"]
[Round "5"]
[White "Arsenault, Nicolas"]
[Black "Rousseau, Daniel"]
[Result "1/2-1/2"]
[WhiteElo "2214"]
[BlackElo "2181"]
[PlyCount "102"]
[GameId "2160767910029932"]
[EventDate "2009.12.26"]
[EventType "swiss"]
[EventRounds "5"]
[EventCountry "CAN"]
[SourceTitle "hb 2010.01"]

1. e4 e5 2. Bc4 Nf6 3. d3 Bc5 4. Nf3 Nc6 5. O-O d6 6. c3 Bg4 7. h3 Bh5 8. Re1 Qd7 9. Nbd2 h6 10. Nf1 g5 11. Ng3 Bg6 12. d4 Bb6 13. dxe5 dxe5 14. Qxd7+ Nxd7 15. h4 f6 16. Be3 Ke7 17. b4 Rhd8 18. Kf1 Bxe3 19. Rxe3 Nb6 20. Be2 Kf8 21. Rd3 Rxd3 22. Bxd3 a5 23. b5 Nd8 24. Nf5 Bxf5 25. exf5 Nf7 26. hxg5 hxg5 27. Nd2 Rd8 28. Ke2 Nd5 29. g3 Nxc3+ 30. Ke3 Nd5+ 31. Ke2 Nb4 32. Be4 Nd6 33. a3 Nxe4 34. Nxe4 Nc2 35. Rc1 Nd4+ 36. Kf1 Nxb5 37. Nc5 Nxa3 38. Nxb7 Ra8 39. Rxc7 Nb1 40. Nc5 a4 41. Nd7+ Ke8 42. Nxf6+ Kd8 43. Rh7 Ra5 44. Ne4 a3 45. f6 a2 46. Rh8+ Kc7 47. f7 a1=Q 48. Rc8+ Kd7 49. Rd8+ Kc6 50. Kg2 Qa4 51. Nf6 Qa3 1/2-1/2

[Event "Montreal op"]
[Site "Montreal CAN"]
[Date "2009.09.11"]
[Round "1"]
[White "Cvetkovic, Simeon"]
[Black "Rousseau, Daniel"]
[Result "0-1"]
[WhiteElo "1763"]
[BlackElo "2149"]
[PlyCount "90"]
[GameId "2160767910096668"]
[EventDate "2009.09.11"]
[EventType "swiss"]
[EventRounds "5"]
[EventCountry "CAN"]
[SourceTitle "hb 2011"]

1. e4 e5 2. Nf3 Nc6 3. Bb5 a6 4. Ba4 Nf6 5. O-O Be7 6. Re1 b5 7. Bb3 O-O 8. c3 d6 9. h3 Bb7 10. d4 Re8 11. Nbd2 Bf8 12. Bc2 h6 13. a4 exd4 14. cxd4 Nb4 15. Bb1 c5 16. d5 Nd7 17. Nf1 c4 18. Bd2 Nd3 19. Bxd3 cxd3 20. Ne3 Nc5 21. axb5 axb5 22. Rxa8 Qxa8 23. b4 Na4 24. Nd4 Nb2 25. Qg4 Bc8 26. Nef5 Kh7 27. Qf4 Nc4 28. Bc3 Qb7 29. Nc6 f6 30. Ra1 Qf7 31. Ra7 Qg6 32. Ng3 Qg5 33. Qxg5 hxg5 34. Ra2 Bd7 35. Na5 Ra8 36. Nf1 f5 37. f3 fxe4 38. fxe4 g4 39. Kh2 Be7 40. Bd2 Bf6 41. Bf4 Bc3 42. Bd2 Be5+ 43. g3 Rf8 44. Ne3 Rf2+ 45. Kg1 Rxd2 0-1

[Event "Montreal op"]
[Site "Montreal CAN"]
[Date "2009.09.12"]
[Round "2"]
[White "Rousseau, Daniel"]
[Black "Leveille, Francois"]
[Result "1-0"]
[WhiteElo "2149"]
[BlackElo "2313"]
[PlyCount "93"]
[GameId "2160767910096697"]
[EventDate "2009.09.11"]
[EventType "swiss"]
[EventRounds "5"]
[EventCountry "CAN"]
[SourceTitle "hb 2009.10"]

1. e4 c5 2. Nf3 Nc6 3. d4 cxd4 4. Nxd4 Nf6 5. Nc3 e5 6. Ndb5 d6 7. Bg5 a6 8. Na3 b5 9. Nd5 Be7 10. Bxf6 Bxf6 11. c3 O-O 12. Nc2 Rb8 13. Nce3 Bg5 14. h4 Bxe3 15. Nxe3 Ne7 16. Be2 Be6 17. Bf3 Qd7 18. Qd2 Rfd8 19. O-O Nc8 20. Rfd1 Nb6 21. b3 Qc7 22. Rac1 Rd7 23. Nf5 Bxf5 24. exf5 d5 25. f6 Qd8 26. fxg7 Qxh4 27. g3 Qf6 28. Kg2 e4 29. Bg4 Re7 30. Rh1 Kxg7 31. Rh4 h6 32. Rch1 Rh8 33. Rh5 Rc7 34. Rf5 Qxc3 35. Qf4 Re7 36. Bh5 Qc7 37. Qg4+ Kf8 38. Qg6 Ke8 39. Qg7 Rf8 40. Qxh6 e3 41. fxe3 Nd7 42. Rhf1 Qc2+ 43. R1f2 Qe4+ 44. Kh2 Qxe3 45. Qxa6 Kd8 46. Qa8+ Kc7 47. Rc2+ 1-0

[Event "Montreal op"]
[Site "Montreal CAN"]
[Date "2009.09.12"]
[Round "3"]
[White "Jiang, Louie"]
[Black "Rousseau, Daniel"]
[Result "1-0"]
[WhiteElo "2278"]
[BlackElo "2149"]
[PlyCount "79"]
[GameId "2160767910096700"]
[EventDate "2009.09.11"]
[EventType "swiss"]
[EventRounds "5"]
[EventCountry "CAN"]
[SourceTitle "hb 2009.10"]

1. e4 e5 2. Nf3 Nc6 3. Bb5 a6 4. Ba4 Nf6 5. O-O Be7 6. Re1 b5 7. Bb3 O-O 8. c3 d6 9. h3 Bb7 10. d4 Re8 11. Bc2 Bf8 12. Nbd2 h6 13. a4 exd4 14. cxd4 Nb4 15. Bb1 c5 16. b3 Rc8 17. Ba3 Qb6 18. d5 Nd7 19. Nf1 Be7 20. Bb2 Bf6 21. Bxf6 Nxf6 22. Qd2 bxa4 23. Rxa4 a5 24. Ng3 c4 25. bxc4 Rxc4 26. Qb2 Rc5 27. Qa1 Bc8 28. Rd1 Bd7 29. Ra3 Rec8 30. Kh2 Rc1 31. Rxc1 Rxc1 32. Qb2 Qc5 33. Rxa5 Qc4 34. Nd2 Qc3 35. Ra8+ Be8 36. Qxc3 Rxc3 37. Nf5 Rc1 38. Nxd6 Kf8 39. Nxe8 Nxe8 40. d6 1-0

[Event "Montreal op"]
[Site "Montreal CAN"]
[Date "2009.09.13"]
[Round "4"]
[White "Chabot, Roland"]
[Black "Rousseau, Daniel"]
[Result "0-1"]
[WhiteElo "2245"]
[BlackElo "2139"]
[PlyCount "68"]
[GameId "2160767910096713"]
[EventDate "2009.09.11"]
[EventType "swiss"]
[EventRounds "5"]
[EventCountry "CAN"]
[SourceTitle "hb 2009.10"]

1. d4 Nf6 2. c4 g6 3. Nc3 Bg7 4. e4 d6 5. Nf3 O-O 6. Be2 e5 7. O-O Nc6 8. d5 Ne7 9. Ne1 Nd7 10. Be3 f5 11. f3 f4 12. Bf2 g5 13. a4 Nf6 14. c5 Ng6 15. cxd6 cxd6 16. Rc1 Rf7 17. Nb5 a6 18. Na3 g4 19. Nc4 g3 20. Bb6 Qe7 21. Kh1 Nf8 22. Bg1 N8d7 23. a5 Nh5 24. Rc3 gxh2 25. Bf2 Bf6 26. Kxh2 Bh4 27. Bxh4 Qxh4+ 28. Kg1 Rf6 29. Nd3 Rg6 30. Qe1 Qg5 31. g4 fxg3 32. Kg2 Nc5 33. f4 exf4 34. Rh1 f3+ 0-1

[Event "Quebec op U2400"]
[Site "Montreal CAN"]
[Date "2009.07.18"]
[Round "1"]
[White "Cvetkovic, Simeon"]
[Black "Rousseau, Daniel"]
[Result "0-1"]
[WhiteElo "1762"]
[BlackElo "2067"]
[PlyCount "100"]
[GameId "2160767910155548"]
[EventDate "2009.07.18"]
[EventType "swiss"]
[EventRounds "9"]
[EventCountry "CAN"]
[SourceTitle "hb 2011"]

1. e4 e5 2. Nf3 Nc6 3. Bb5 a6 4. Ba4 Nf6 5. O-O Be7 6. Re1 b5 7. Bb3 O-O 8. c3 d6 9. h3 Bb7 10. d4 Re8 11. Nbd2 Bf8 12. Bc2 exd4 13. cxd4 Nb4 14. Bb1 c5 15. a3 Nc6 16. d5 Ne7 17. b3 Ng6 18. Nf1 Nh5 19. Bb2 Be7 20. Ra2 Bf6 21. Qd2 Bxb2 22. Qxb2 Nh4 23. Re3 Ng6 24. Kh2 Qf6 25. Qxf6 Nxf6 26. Rae2 Nf8 27. Ng3 g6 28. Kg1 N8d7 29. Nd2 Nb6 30. Rc3 h5 31. h4 Rec8 32. Bd3 Ng4 33. f4 b4 34. axb4 cxb4 35. Rxc8+ Rxc8 36. Nc4 Nxc4 37. Bxc4 a5 38. Ra2 Rc5 39. Nf1 f5 40. Nd2 Kf8 41. Ra1 Nf6 42. exf5 gxf5 43. Nf3 Bxd5 44. Nd4 Bxc4 45. bxc4 Rxc4 46. Nxf5 b3 47. Kh2 Ng4+ 48. Kh3 Rc3+ 49. Ng3 b2 50. Rb1 Rb3 0-1

[Event "Quebec op U2400"]
[Site "Montreal CAN"]
[Date "2009.07.19"]
[Round "2"]
[White "Rousseau, Daniel"]
[Black "Voskanyan, Vahagn"]
[Result "1/2-1/2"]
[WhiteElo "2078"]
[BlackElo "2258"]
[PlyCount "152"]
[GameId "2160767910155567"]
[EventDate "2009.07.18"]
[EventType "swiss"]
[EventRounds "9"]
[EventCountry "CAN"]
[SourceTitle "EXT 2011"]
[Source "ChessBase"]
[SourceDate "2011.11.26"]
[SourceVersion "1"]
[SourceVersionDate "2011.11.26"]
[SourceQuality "1"]

1. e4 c6 2. d4 d5 3. Nc3 dxe4 4. Nxe4 Nf6 5. Nxf6+ exf6 6. Nf3 Bd6 7. Bd3 O-O 8. h3 Re8+ 9. Be3 Bf4 10. Kd2 Bxe3+ 11. fxe3 Bf5 12. Bxf5 Qa5+ 13. c3 Qxf5 14. Qb1 Qe6 15. Qd3 Nd7 16. Rhe1 Rad8 17. b3 Nc5 18. Qc4 Ne4+ 19. Kc2 Qd6 20. Nd2 Qg3 21. Qf1 Rd5 22. Qf3 Qg6 23. Nxe4 Rxe4 24. Kd2 h5 25. Re2 Rg5 26. Rae1 h4 27. Kc1 Rg3 28. Qf2 Qg5 29. Kb2 Qd5 30. Rd2 Qe6 31. Rde2 b5 32. Kc2 a5 33. Kd2 a4 34. Kc2 axb3+ 35. axb3 Rg5 36. Ra1 c5 37. Rd1 Qa6 38. Rb1 Qe6 39. Rd1 Qa6 40. Rb1 Qa2+ 41. Rb2 Qa8 42. Kb1 Qd5 43. Ka2 Qe6 44. Rbd2 Rd5 45. dxc5 Rxc5 46. Kb2 Rf5 47. Qe1 g5 48. Rd4 Rfe5 49. Rxe4 Rxe4 50. Qd2 Kg7 51. Qd3 Qe5 52. Kc2 Qe8 53. Kd2 Re5 54. Ke1 Qe6 55. c4 bxc4 56. bxc4 Re4 57. c5 Re5 58. Qd4 Rd5 59. Qb4 Qc6 60. Rc2 Re5 61. Kf2 Kg6 62. Qd4 Re6 63. Rc4 Kg7 64. e4 Qc7 65. Qc3 Rc6 66. Qe3 Ra6 67. Rc2 Qc6 68. e5 Ra4 69. Qc3 Rf4+ 70. Kg1 fxe5 71. Qxe5+ Kg6 72. Rd2 Rf6 73. Rd6 Rxd6 74. cxd6 f6 75. Qe7 Qc1+ 76. Kh2 Qf4+ 1/2-1/2

[Event "Quebec op U2400"]
[Site "Montreal CAN"]
[Date "2009.07.19"]
[Round "3"]
[White "Rousseau, Daniel"]
[Black "Berube, Antoine"]
[Result "1-0"]
[WhiteElo "2070"]
[BlackElo "2151"]
[PlyCount "53"]
[GameId "2160767910155584"]
[EventDate "2009.07.18"]
[EventType "swiss"]
[EventRounds "9"]
[EventCountry "CAN"]
[SourceTitle "hb 2009.08"]

1. e4 c5 2. Nf3 d6 3. d4 cxd4 4. Nxd4 Nf6 5. Nc3 a6 6. Bg5 e6 7. f4 b5 8. Qf3 Bb7 9. Bxf6 gxf6 10. Qh5 Qe7 11. Bd3 Nd7 12. O-O-O O-O-O 13. Rhe1 Nc5 14. a3 Qc7 15. Kb1 f5 16. exf5 Bg7 17. Bf1 e5 18. f6 Bxf6 19. Qf5+ Nd7 20. Ndxb5 axb5 21. Nxb5 Qb6 22. Rxd6 Qf2 23. Red1 Qxf4 24. Rxf6 Qxf5 25. Rxf5 Nc5 26. Nd6+ Kc7 27. Rxe5 1-0

[Event "Quebec op U2400"]
[Site "Montreal CAN"]
[Date "2009.07.20"]
[Round "4"]
[White "Zozulia, Anna"]
[Black "Rousseau, Daniel"]
[Result "1-0"]
[WhiteElo "2341"]
[BlackElo "2078"]
[PlyCount "103"]
[GameId "2160767910155603"]
[EventDate "2009.07.18"]
[EventType "swiss"]
[EventRounds "9"]
[EventCountry "CAN"]
[SourceTitle "hb 2009.08"]

1. e4 e5 2. Nf3 Nc6 3. Nc3 Nf6 4. Bb5 Nd4 5. Ba4 c6 6. Nxe5 d6 7. Nf3 Bg4 8. d3 Nd7 9. Be3 Nxf3+ 10. gxf3 Bh5 11. d4 Qf6 12. Rg1 Bxf3 13. Qd3 h6 14. Rg3 Bh5 15. f4 Rd8 16. Qf1 Qh4 17. Qh3 Be7 18. Kd2 b5 19. Bb3 b4 20. Nd1 g5 21. Qxh4 gxh4 22. Rg1 Nf6 23. Nf2 Bf3 24. e5 dxe5 25. fxe5 Nd5 26. Nd3 c5 27. Raf1 Be4 28. Rg4 Nxe3 29. Kxe3 Bd5 30. dxc5 Bg5+ 31. Ke2 a5 32. Bxd5 Rxd5 33. c6 Ke7 34. Rc4 Rc8 35. c3 bxc3 36. Rxc3 Rc7 37. b3 Rb5 38. Kf3 Rb6 39. Nf4 Bxf4 40. Kxf4 Rbxc6 41. Rxc6 Rxc6 42. Rf2 Rg6 43. Rc2 h3 44. Rc7+ Ke6 45. Rc6+ Kd5 46. Rxg6 fxg6 47. a3 Ke6 48. b4 axb4 49. axb4 g5+ 50. Ke4 h5 51. b5 h4 52. b6 1-0

[Event "Quebec op U2400"]
[Site "Montreal CAN"]
[Date "2009.07.21"]
[Round "5"]
[White "Rousseau, Daniel"]
[Black "Modwal, Sankalp"]
[Result "0-1"]
[WhiteElo "2078"]
[BlackElo "2147"]
[PlyCount "86"]
[GameId "2160767910155620"]
[EventDate "2009.07.18"]
[EventType "swiss"]
[EventRounds "9"]
[EventCountry "CAN"]
[SourceTitle "hb 2009.08"]

1. e4 c5 2. Nf3 d6 3. d4 cxd4 4. Nxd4 Nf6 5. Nc3 Nc6 6. Bg5 e6 7. Qd2 Be7 8. O-O-O Nxd4 9. Qxd4 O-O 10. e5 dxe5 11. Qxe5 Qb6 12. Be3 Ng4 13. Bxb6 Nxe5 14. Bc7 Ng4 15. Bg3 Nf6 16. Be2 Bd7 17. Bf3 Bc6 18. Bxc6 bxc6 19. Bd6 Bxd6 20. Rxd6 Rfc8 21. Rhd1 Kf8 22. R6d4 Ke7 23. Rc4 Rab8 24. Na4 Nd7 25. Rh4 h6 26. c4 c5 27. b3 Nb6 28. Nc3 Rd8 29. Rh5 Rxd1+ 30. Kxd1 f5 31. Rh3 e5 32. Rd3 e4 33. Rd2 a6 34. Nd5+ Nxd5 35. Rxd5 Rd8 36. Rxd8 Kxd8 37. Kd2 f4 38. Kc3 a5 39. a3 Kd7 40. h4 g5 41. hxg5 hxg5 42. g3 e3 43. fxe3 fxg3 0-1

[Event "Quebec op U2400"]
[Site "Montreal CAN"]
[Date "2009.07.22"]
[Round "6"]
[White "Rousseau, Daniel"]
[Black "Audet-Bouchard, Nicolas"]
[Result "1/2-1/2"]
[WhiteElo "2078"]
[BlackElo "2151"]
[PlyCount "153"]
[GameId "2160767910155635"]
[EventDate "2009.07.18"]
[EventType "swiss"]
[EventRounds "9"]
[EventCountry "CAN"]
[SourceTitle "hb 2009.08"]

1. e4 c5 2. Nf3 Nc6 3. d4 cxd4 4. Nxd4 Nf6 5. Nc3 d6 6. Bg5 e6 7. Qd2 Be7 8. O-O-O O-O 9. f4 h6 10. Bxf6 Bxf6 11. Nxc6 bxc6 12. Qxd6 Qb6 13. Qd3 Rb8 14. b3 Rd8 15. Qf3 Bd4 16. Bc4 Qb4 17. Rd3 c5 18. Rhd1 Qa3+ 19. Kd2 Ba6 20. Bxa6 Qxa6 21. Ke1 Bxc3+ 22. Rxc3 Qxa2 23. Rxc5 a5 24. Qc3 Rxd1+ 25. Kxd1 a4 26. bxa4 Qxa4 27. Rc4 Rd8+ 28. Ke2 Qd7 29. Qd3 Qe7 30. Rd4 Rb8 31. g3 e5 32. fxe5 Qxe5 33. Rd8+ Rxd8 34. Qxd8+ Kh7 35. Qd5 Qc7 36. Qd3 Qe5 37. c4 Qb2+ 38. Qd2 Qe5 39. Qd5 Qb2+ 40. Kd3 Qxh2 41. c5 Qxg3+ 42. Kc4 Qa3 43. c6 Qa4+ 44. Kc5 Qa5+ 45. Kd6 Qd8+ 46. Kc5 Qa5+ 47. Kd4 Qb4+ 48. Qc4 Qd6+ 49. Kc3 Qc7 50. Qd5 g5 51. Kb4 g4 52. Qf5+ Kh8 53. Qd7 Qb6+ 54. Kc4 Qa6+ 55. Kc5 Qa5+ 56. Kd6 Qb4+ 57. Kc7 Qa5+ 58. Kb8 Qb6+ 59. Kc8 g3 60. Qe8+ Kg7 61. Qe5+ Kh7 62. Qf5+ Kg8 63. Kd7 Qd4+ 64. Ke8 Qc4 65. Kd7 Qd4+ 66. Ke8 Qg7 67. Qf1 g2 68. Qg1 Qe5+ 69. Kd7 Qe6+ 70. Kc7 Qh3 71. Kd6 Qh1 72. c7 Qxg1 73. c8=Q+ Kg7 74. Qg4+ Kh8 75. Qc8+ Kh7 76. Qf5+ Kg7 77. Qg4+ 1/2-1/2

[Event "Quebec op U2400"]
[Site "Montreal CAN"]
[Date "2009.07.23"]
[Round "7"]
[White "Robidas, Francois"]
[Black "Rousseau, Daniel"]
[Result "0-1"]
[WhiteElo "2026"]
[BlackElo "2078"]
[PlyCount "126"]
[GameId "2160767910155649"]
[EventDate "2009.07.18"]
[EventType "swiss"]
[EventRounds "9"]
[EventCountry "CAN"]
[SourceTitle "hb 2009.08"]

1. d4 Nf6 2. c4 g6 3. Nc3 Bg7 4. e4 d6 5. f3 O-O 6. Be3 e5 7. Nge2 c6 8. Qd2 Nbd7 9. O-O-O Re8 10. d5 c5 11. g4 a6 12. h4 b5 13. h5 Nb6 14. Ng3 bxc4 15. hxg6 fxg6 16. Bh3 Re7 17. Rdg1 Qf8 18. Bf1 Ne8 19. Rh3 Rf7 20. Be2 Raa7 21. Bd1 Qe7 22. Rgh1 Bf6 23. Rh6 Nd7 24. Kb1 Nf8 25. g5 Bg7 26. R6h2 Nc7 27. Qe2 Nb5 28. Qxc4 Nd4 29. Rf2 Rb7 30. Rhf1 Rb4 31. Qd3 Qd8 32. a3 Rb8 33. Nge2 Rfb7 34. Nc1 Qa5 35. Ka2 Bd7 36. Rg1 Bb5 37. Nxb5 axb5 38. Kb1 b4 39. axb4 Rxb4 40. Na2 Ra8 41. b3 Rb7 42. Rgg2 Nd7 43. Rb2 Nb8 44. Qc3 Qa3 45. Kc1 Na6 46. Kd2 Nb5 47. Qc1 Nb4 48. Nxb4 Qxb4+ 49. Kd3 Nd4 50. Qc3 Qb5+ 51. Qc4 Qd7 52. Ra2 Rab8 53. Bxd4 exd4 54. Ke2 Qh3 55. Kf1 Be5 56. f4 Bxf4 57. Raf2 Be3 58. Bg4 Qh1+ 59. Rg1 Qxe4 60. Be6+ Kg7 61. Qe2 d3 62. Qe1 d2 63. Rxd2 Rf8+ 0-1

[Event "Quebec op U2400"]
[Site "Montreal CAN"]
[Date "2009.07.24"]
[Round "8"]
[White "Caire, Francois"]
[Black "Rousseau, Daniel"]
[Result "1/2-1/2"]
[WhiteElo "2260"]
[BlackElo "2078"]
[PlyCount "29"]
[GameId "2160767910155653"]
[EventDate "2009.07.18"]
[EventType "swiss"]
[EventRounds "9"]
[EventCountry "CAN"]
[SourceTitle "hb 2009.08"]

1. Nf3 Nf6 2. d4 d5 3. c4 c6 4. Nc3 e6 5. e3 Be7 6. Bd3 dxc4 7. Bxc4 b5 8. Bd3 Bb7 9. e4 a6 10. e5 Nd5 11. Ne4 Nd7 12. O-O h6 13. b3 c5 14. Bb2 O-O 15. Rc1 1/2-1/2

[Event "Myriam Roy"]
[Site "Montreal CAN"]
[Date "2006.07.25"]
[Round "1"]
[White "Rousseau, Daniel"]
[Black "Libersan, Thierry"]
[Result "1/2-1/2"]
[WhiteElo "2070"]
[BlackElo "1930"]
[PlyCount "107"]
[GameId "2160767910828271"]
[EventDate "2006.07.01"]
[EventType "tourn"]
[EventRounds "9"]
[EventCountry "CAN"]
[SourceTitle "EXT 2007"]
[Source "ChessBase"]
[SourceDate "2006.11.23"]
[SourceVersion "1"]
[SourceVersionDate "2006.11.23"]
[SourceQuality "1"]

1. e4 c5 2. Nf3 e6 3. Nc3 Nc6 4. Bc4 a6 5. a4 Qc7 6. d3 Nf6 7. O-O Be7 8. Re1 d6 9. Bf4 Ne5 10. Nxe5 dxe5 11. Bg3 b6 12. Nb1 h5 13. h4 Bb7 14. Nd2 O-O-O 15. Qe2 Kb8 16. Nf3 Nd7 17. c3 Ka7 18. Rec1 g5 19. hxg5 h4 20. Bxh4 Rxh4 21. Nxh4 Bxg5 22. Qh5 Bxc1 23. Rxc1 Nb8 24. Nf3 Nc6 25. Re1 Rd7 26. Re3 Qd6 27. Ng5 Qe7 28. Rg3 Nd8 29. Nf3 f6 30. Rg6 Qf8 31. Qh4 Rf7 32. Rh6 Qe7 33. Rh8 Nc6 34. Rh6 Nd8 35. Nh2 Bc6 36. Ng4 Bxa4 37. Nxf6 b5 38. Ba2 Bc2 39. Ng4 Qd6 40. Qg3 Rf4 41. Rh5 Qxd3 42. Qxd3 Bxd3 43. Nxe5 Bxe4 44. Rh8 Nc6 45. Nxc6+ Bxc6 46. Bxe6 Re4 47. Rh7+ Kb6 48. Rh6 Re1+ 49. Kh2 Kc7 50. Bg4 Rb1 51. Rh7+ Kb6 52. Rh6 Kc7 53. Rh7+ Kb6 54. Rh6 1/2-1/2

[Event "Myriam Roy"]
[Site "Montreal CAN"]
[Date "2006.07.21"]
[Round "2"]
[White "Masse, Hugues"]
[Black "Rousseau, Daniel"]
[Result "1-0"]
[WhiteElo "2178"]
[BlackElo "2070"]
[PlyCount "81"]
[GameId "2160767910828274"]
[EventDate "2006.07.01"]
[EventType "tourn"]
[EventRounds "9"]
[EventCountry "CAN"]
[SourceTitle "EXT 2007"]
[Source "ChessBase"]
[SourceDate "2006.11.23"]
[SourceVersion "1"]
[SourceVersionDate "2006.11.23"]
[SourceQuality "1"]

1. d4 Nf6 2. c4 g6 3. Nc3 Bg7 4. e4 d6 5. Nf3 O-O 6. Be2 e5 7. Be3 Ng4 8. Bg5 f6 9. Bh4 g5 10. Bg3 Nh6 11. d5 f5 12. exf5 Nxf5 13. Nd2 Nd4 14. Bd3 Bf5 15. Bxf5 Rxf5 16. Nde4 Nd7 17. Qd2 a6 18. O-O Qe7 19. f3 Raf8 20. Ne2 Nc5 21. Nxd4 exd4 22. Rfe1 Nxe4 23. Rxe4 Re5 24. Bxe5 Bxe5 25. Rae1 Qg7 26. Qd3 b6 27. b4 a5 28. bxa5 bxa5 29. a4 Rb8 30. Rb1 Qf8 31. Rxb8 Qxb8 32. Re1 Qb4 33. Ra1 Qb2 34. Rb1 Qa2 35. Qf5 Qd2 36. Qc8+ Kg7 37. Qxc7+ Kg6 38. Qc8 Qe3+ 39. Kh1 Qf4 40. Qe6+ Kh5 41. g4+ 1-0

[Event "Myriam Roy"]
[Site "Montreal CAN"]
[Date "2006.07.22"]
[Round "3"]
[White "Rousseau, Daniel"]
[Black "Laurain, Guy"]
[Result "0-1"]
[WhiteElo "2070"]
[BlackElo "2187"]
[PlyCount "72"]
[GameId "2160767910828279"]
[EventDate "2006.07.01"]
[EventType "tourn"]
[EventRounds "9"]
[EventCountry "CAN"]
[SourceTitle "EXT 2007"]
[Source "ChessBase"]
[SourceDate "2006.11.23"]
[SourceVersion "1"]
[SourceVersionDate "2006.11.23"]
[SourceQuality "1"]

1. e4 c5 2. Nf3 Nc6 3. d4 cxd4 4. Nxd4 Nf6 5. Nc3 d6 6. Bg5 e6 7. Qd2 a6 8. O-O-O h6 9. Nxc6 bxc6 10. Bf4 d5 11. Qe1 Bb4 12. a3 Be7 13. Be2 O-O 14. h4 Qb6 15. g4 dxe4 16. g5 Nd5 17. Na4 Qb7 18. Be5 hxg5 19. Qg1 Nf4 20. Bc4 Ng6 21. Bc3 gxh4 22. Qg4 c5 23. Rhg1 Qc6 24. Qh5 Qxa4 25. Rxg6 fxg6 26. Qxg6 Rf7 27. Rg1 Bf8 28. Qxe4 Raa7 29. b3 Qd7 30. Qxh4 Qd6 31. Rg4 Rf3 32. Bb2 Raf7 33. Qh1 R7f4 34. Kb1 Rxg4 35. Qxf3 Rg1+ 36. Ka2 Qd1 0-1

[Event "Myriam Roy"]
[Site "Montreal CAN"]
[Date "2006.07.22"]
[Round "4"]
[White "Trinh, Tri Bao"]
[Black "Rousseau, Daniel"]
[Result "0-1"]
[WhiteElo "2046"]
[BlackElo "2070"]
[PlyCount "48"]
[GameId "2160767910828286"]
[EventDate "2006.07.01"]
[EventType "tourn"]
[EventRounds "9"]
[EventCountry "CAN"]
[SourceTitle "EXT 2007"]
[Source "ChessBase"]
[SourceDate "2006.11.23"]
[SourceVersion "1"]
[SourceVersionDate "2006.11.23"]
[SourceQuality "1"]

1. e4 e5 2. Nf3 Nc6 3. d4 exd4 4. Bc4 Nf6 5. O-O Be7 6. e5 Ne4 7. Bd5 Nc5 8. Re1 Ne6 9. c3 dxc3 10. Nxc3 O-O 11. Qa4 Nb4 12. Bc4 c6 13. Qb3 b5 14. Bf1 Kh8 15. Be3 f6 16. exf6 Rxf6 17. a4 d5 18. axb5 c5 19. Rad1 Bb7 20. Bc4 Rf5 21. Bxc5 Bxc5 22. Rxe6 Rxf3 23. gxf3 Qg5+ 24. Kf1 Qh4 0-1

[Event "Myriam Roy"]
[Site "Montreal CAN"]
[Date "2006.07.23"]
[Round "5"]
[White "Rousseau, Daniel"]
[Black "Le Duin, Thierry"]
[Result "1/2-1/2"]
[WhiteElo "2070"]
[BlackElo "2053"]
[PlyCount "98"]
[GameId "2160767910828288"]
[EventDate "2006.07.01"]
[EventType "tourn"]
[EventRounds "9"]
[EventCountry "CAN"]
[SourceTitle "EXT 2007"]
[Source "ChessBase"]
[SourceDate "2006.11.23"]
[SourceVersion "1"]
[SourceVersionDate "2006.11.23"]
[SourceQuality "1"]

1. e4 d5 2. e5 Bf5 3. Nf3 e6 4. c3 c5 5. b4 c4 6. Nd4 Bg6 7. Be2 Ne7 8. O-O Nbc6 9. Nxc6 Nxc6 10. f4 a5 11. bxa5 Rxa5 12. d4 Qa8 13. Qd2 Bxb1 14. Rxb1 Rxa2 15. Bb2 Ba3 16. f5 exf5 17. Ra1 Bxb2 18. Qxb2 Rxb2 19. Rxa8+ Nd8 20. Bf3 Rb5 21. Rfa1 O-O 22. R8a5 Rb3 23. R1a3 Rxa3 24. Rxa3 Ne6 25. Bxd5 b5 26. Ra7 Rb8 27. Kf2 g5 28. Ke3 Nd8 29. Kd2 h5 30. g3 Ne6 31. Bh1 f4 32. d5 Rd8 33. Kc2 Nc5 34. d6 fxg3 35. hxg3 h4 36. gxh4 gxh4 37. Bd5 Ne6 38. Rb7 h3 39. Rxb5 Nf4 40. Bxc4 h2 41. Rb1 Kg7 42. Rh1 Rh8 43. Kd2 Ng6 44. e6 fxe6 45. Bxe6 Rd8 46. d7 Kf6 47. Bh3 Nf4 48. Rxh2 Nxh3 49. Rxh3 Rxd7+ 1/2-1/2

[Event "Myriam Roy"]
[Site "Montreal CAN"]
[Date "2006.07.23"]
[Round "6"]
[White "Tremblay, Alain"]
[Black "Rousseau, Daniel"]
[Result "0-1"]
[WhiteElo "2073"]
[BlackElo "2070"]
[PlyCount "80"]
[GameId "2160767910828295"]
[EventDate "2006.07.01"]
[EventType "tourn"]
[EventRounds "9"]
[EventCountry "CAN"]
[SourceTitle "EXT 2007"]
[Source "ChessBase"]
[SourceDate "2006.11.23"]
[SourceVersion "1"]
[SourceVersionDate "2006.11.23"]
[SourceQuality "1"]

1. d4 Nf6 2. c4 g6 3. Nc3 Bg7 4. f3 d5 5. cxd5 Nxd5 6. e4 Nb6 7. Be3 O-O 8. Qd2 Nc6 9. O-O-O a5 10. h4 a4 11. d5 Ne5 12. Bd4 Nbc4 13. Bxc4 Nxc4 14. Qf2 Bh6+ 15. f4 Qd6 16. Nce2 e5 17. Bc5 Qf6 18. Kb1 exf4 19. Bd4 Qe7 20. Nc3 Ne3 21. Re1 b5 22. h5 g5 23. Bxe3 fxe3 24. Qxe3 b4 25. Nb5 a3 26. b3 f5 27. e5 f4 28. Qd4 Bf5+ 29. Kc1 g4 30. Kd1 Rad8 31. Ne2 Qd7 32. Qxb4 Qxd5+ 33. Ned4 c5 34. Qd2 cxd4 35. Nxa3 Kg7 36. Qb4 f3 37. e6 Rde8 38. e7 Rf7 39. Rhf1 Bd3 40. gxf3 Bxf1 0-1

[Event "Myriam Roy"]
[Site "Montreal CAN"]
[Date "2006.07.26"]
[Round "7"]
[White "Rousseau, Daniel"]
[Black "Sullivan, Neil"]
[Result "1-0"]
[WhiteElo "2070"]
[BlackElo "2123"]
[PlyCount "51"]
[GameId "2160767910828300"]
[EventDate "2006.07.01"]
[EventType "tourn"]
[EventRounds "9"]
[EventCountry "CAN"]
[SourceTitle "EXT 2007"]
[Source "ChessBase"]
[SourceDate "2006.11.23"]
[SourceVersion "1"]
[SourceVersionDate "2006.11.23"]
[SourceQuality "1"]

1. e4 c5 2. Nf3 Nc6 3. d4 cxd4 4. Nxd4 g6 5. Nc3 Bg7 6. Be3 Nf6 7. Nb3 O-O 8. Be2 d6 9. O-O a6 10. f4 b5 11. Bf3 Bb7 12. e5 Ne8 13. Qe1 e6 14. Rd1 Qc7 15. Qf2 Rc8 16. Bb6 Qe7 17. Rd2 Nd8 18. exd6 Nxd6 19. Bc5 Rxc5 20. Qxc5 Bxf3 21. Qxd6 Qxd6 22. Rxd6 Bb7 23. Rfd1 b4 24. Na4 Bd5 25. Rxa6 Nb7 26. Rb6 1-0

[Event "Myriam Roy"]
[Site "Montreal CAN"]
[Date "2006.08.02"]
[Round "8"]
[White "Rousseau, Daniel"]
[Black "Roy, Myriam"]
[Result "1-0"]
[WhiteElo "2070"]
[BlackElo "1800"]
[PlyCount "57"]
[GameId "2160767910828303"]
[EventDate "2006.07.01"]
[EventType "tourn"]
[EventRounds "9"]
[EventCountry "CAN"]
[SourceTitle "EXT 2007"]
[Source "ChessBase"]
[SourceDate "2006.11.23"]
[SourceVersion "1"]
[SourceVersionDate "2006.11.23"]
[SourceQuality "1"]

1. e4 c5 2. Nf3 Nc6 3. d4 cxd4 4. Nxd4 Nf6 5. Nc3 d6 6. Bg5 e6 7. Qd2 Be7 8. O-O-O a6 9. f4 Bd7 10. Nf3 O-O 11. e5 dxe5 12. Bxf6 Bxf6 13. Qxd7 Qb6 14. Qd2 exf4 15. Bc4 Rac8 16. Bb3 Na5 17. Qxf4 Nxb3+ 18. axb3 Bxc3 19. bxc3 Rxc3 20. Kb2 Rfc8 21. Rd2 Qc5 22. Rc1 b5 23. Qd6 Qxd6 24. Rxd6 b4 25. Rxa6 Rb8 26. Rd1 Rc7 27. Rd4 h6 28. Ra4 Rcb7 29. Ne5 1-0